[Event "LUCOPEN 01st Op"]
[Site "Lille"]
[Date "2010.04.04"]
[Round "2.16"]
[White "Delboe, Charles"]
[Black "Wirig, Anthony"]
[Result "0-1"]
[WhiteElo "1937"]
[BlackElo "2504"]
[PlyCount "52"]
[EventDate "2010.04.??"]
[EventType "swiss"]
[EventRounds "7"]
[EventCountry "FRA"]
[WhiteTeamCountry "FRA"]
[BlackTeamCountry "FRA"]

1. e4 c5 2. Nf3 Nc6 3. d4 cxd4 4. Nxd4 g6 5. Nxc6 bxc6 6. Qd4 Nf6 7. e5 Nd5 8.
Bc4 Bg7 9. Bxd5 cxd5 10. O-O e6 11. f4 Qc7 12. Nc3 O-O 13. b4 d6 14. Nb5 Qb8
15. Nc3 dxe5 16. Qc5 Ba6 17. b5 Rc8 18. Qb4 e4 19. Bb2 Rc4 20. Qb3 Qb6+ 21. Kh1
Bb7 22. Na4 Qa5 23. Bxg7 Kxg7 24. Nb2 Rc3 25. Qa4 Qxa4 26. Nxa4 Rc4 0-1

[Event "LUCOPEN 01st Op"]
[Site "Lille"]
[Date "2010.04.04"]
[Round "2.20"]
[White "Faure, Stephane"]
[Black "Griffon, Olivier"]
[Result "1-0"]
[WhiteElo "2122"]
[BlackElo "1945"]
[PlyCount "55"]
[EventDate "2010.04.??"]
[EventType "swiss"]
[EventRounds "7"]
[EventCountry "FRA"]
[WhiteTeamCountry "FRA"]
[BlackTeamCountry "FRA"]

1. e4 c5 2. Nf3 Nc6 3. d4 cxd4 4. Nxd4 Nf6 5. Nc3 d6 6. Bg5 e6 7. f4 Be7 8. Qd3
a6 9. O-O-O O-O 10. Be2 Qc7 11. g4 b5 12. Nxc6 Qxc6 13. e5 Nd5 14. Bxe7 Nxe7
15. Qxd6 Qxd6 16. Rxd6 Bb7 17. Rf1 Rfd8 18. Bf3 Bxf3 19. Rxf3 Rxd6 20. exd6 Nd5
21. Nxd5 exd5 22. Rd3 Rd8 23. Rxd5 Rd7 24. a4 b4 25. c4 bxc3 26. bxc3 Kf8 27.
c4 Ke8 28. c5 1-0

[Event "LUCOPEN 01st Op"]
[Site "Lille"]
[Date "2010.04.05"]
[Round "3.1"]
[White "Gharamian, Tigran"]
[Black "Okhotnik, Vladimir"]
[Result "1-0"]
[WhiteElo "2597"]
[BlackElo "2458"]
[PlyCount "109"]
[EventDate "2010.04.??"]
[EventType "swiss"]
[EventRounds "7"]
[EventCountry "FRA"]
[WhiteTeamCountry "FRA"]
[BlackTeamCountry "FRA"]

1. e4 c5 2. Nf3 Nc6 3. d4 cxd4 4. Nxd4 Nf6 5. Nc3 g6 6. Be3 d6 7. Be2 Bg7 8.
Qd2 O-O 9. O-O-O Nxd4 10. Bxd4 Be6 11. g4 Qa5 12. g5 Nd7 13. Bxg7 Kxg7 14. a3
Rac8 15. f4 Rc5 16. Qd4+ Kg8 17. b4 Qxa3+ 18. Kd2 Rxc3 19. Qxc3 Qxc3+ 20. Kxc3
Rc8+ 21. Kb2 Nb6 22. Rd4 Nc4+ 23. Bxc4 Bxc4 24. Ra1 a6 25. Kc3 d5 26. exd5
Bxd5+ 27. Kd3 Be6 28. c4 h6 29. h4 Kg7 30. Ra5 hxg5 31. hxg5 Rh8 32. b5 Rh3+
33. Kd2 axb5 34. Rxb5 Bc8 35. Rd8 Be6 36. Rd4 Bc8 37. Rc5 Bg4 38. Rc7 Bf3 39.
Rxe7 Bc6 40. Re3 Rh1 41. Kc2 Ba4+ 42. Kb2 Bc6 43. Kc3 Kf8 44. Rd8+ Kg7 45. Kb4
Rh4 46. Rd4 Rh8 47. Kc5 Rh4 48. Re7 Rh1 49. Rc7 Kf8 50. Rd6 Ke8 51. Rf6 Bd7 52.
Rxb7 Be6 53. Rxe6+ fxe6 54. Kd6 Re1 55. c5 1-0

[Event "LUCOPEN 01st Op"]
[Site "Lille"]
[Date "2010.04.05"]
[Round "3.2"]
[White "Abbasov, Farid"]
[Black "Suarez Pousa, Diego"]
[Result "1-0"]
[WhiteElo "2549"]
[BlackElo "2419"]
[PlyCount "99"]
[EventDate "2010.04.??"]
[EventType "swiss"]
[EventRounds "7"]
[EventCountry "FRA"]
[WhiteTeamCountry "FRA"]
[BlackTeamCountry "FRA"]

1. Nf3 Nf6 2. c4 e6 3. Nc3 Bb4 4. Qc2 O-O 5. a3 Bxc3 6. Qxc3 Ne4 7. Qc2 f5 8.
d3 Nf6 9. b4 b6 10. e3 Bb7 11. Be2 Nc6 12. Bb2 Qe8 13. O-O Qg6 14. Rad1 Nd8 15.
Ne1 Nf7 16. d4 Rae8 17. f3 Qg5 18. Qc1 Nh5 19. Nd3 Qh4 20. Bc3 d6 21. Be1 Qf6
22. Nf4 Qh6 23. Nxh5 Qxh5 24. Bg3 Qg5 25. c5 Bd5 26. Bd3 Rd8 27. cxb6 cxb6 28.
e4 Bb3 29. Qxg5 Nxg5 30. Rb1 fxe4 31. fxe4 Ba4 32. h4 Nf7 33. Rbc1 d5 34. exd5
exd5 35. Rc7 Rd7 36. Rfc1 Nh6 37. Rxd7 Bxd7 38. Rc7 Bf5 39. Ba6 Ng4 40. Rxa7
Re8 41. Bb7 Be4 42. Bc6 Rf8 43. a4 h5 44. Ra8 Rxa8 45. Bxa8 Ne3 46. a5 bxa5 47.
bxa5 Nc2 48. Be5 Nb4 49. Bb7 Bc2 50. Bd6 1-0

[Event "LUCOPEN 01st Op"]
[Site "Lille"]
[Date "2010.04.05"]
[Round "3.3"]
[White "Genzling, Alain"]
[Black "Riff, Jean Noel"]
[Result "1/2-1/2"]
[WhiteElo "2398"]
[BlackElo "2505"]
[PlyCount "26"]
[EventDate "2010.04.??"]
[EventType "swiss"]
[EventRounds "7"]
[EventCountry "FRA"]
[WhiteTeamCountry "FRA"]
[BlackTeamCountry "FRA"]

1. e4 e6 2. d4 d5 3. Nc3 Bb4 4. e5 Ne7 5. a3 Bxc3+ 6. bxc3 c5 7. Qg4 Qc7 8. Bd3
c4 9. Be2 Nf5 10. Qh3 Nc6 11. f4 Bd7 12. g4 Nfe7 13. Qg2 Qa5 1/2-1/2

[Event "LUCOPEN 01st Op"]
[Site "Lille"]
[Date "2010.04.05"]
[Round "3.4"]
[White "Bratanov, Zsivko"]
[Black "Giffard, Nicolas"]
[Result "1-0"]
[WhiteElo "2478"]
[BlackElo "2361"]
[PlyCount "125"]
[EventDate "2010.04.??"]
[EventType "swiss"]
[EventRounds "7"]
[EventCountry "FRA"]
[WhiteTeamCountry "FRA"]
[BlackTeamCountry "FRA"]

1. d4 Nf6 2. Nf3 e6 3. Bg5 h6 4. Bxf6 Qxf6 5. Nbd2 d5 6. e4 g6 7. c3 Bg7 8. Bd3
O-O 9. Qe2 Nd7 10. e5 Qe7 11. h4 c5 12. a3 cxd4 13. cxd4 Rd8 14. h5 g5 15. Nh2
f5 16. g4 f4 17. Rc1 Nf8 18. O-O Bd7 19. Nb3 Rdc8 20. Nc5 Be8 21. Nf3 b6 22.
Na6 Bc6 23. Rc3 Bb7 24. Rfc1 Rxc3 25. Rxc3 Rc8 26. Rxc8 Bxc8 27. Qc2 Bb7 28.
Bb5 Qd8 29. Qc7 Qc8 30. Qxc8 Bxc8 31. Nb8 Kf7 32. b4 a5 33. bxa5 bxa5 34. a4
Ke7 35. Nc6+ Kd7 36. Nxa5+ Kc7 37. Nb3 Nd7 38. Ne1 Bf8 39. Nd3 Ba3 40. Kg2 Nb8
41. Nbc5 Nc6 42. Bxc6 Kxc6 43. Kf3 Kb6 44. Ke2 Ba6 45. Nxe6 Bc8 46. Ndc5 Bxc5
47. dxc5+ Kc6 48. Nxg5 Bxg4+ 49. f3 Bxh5 50. Ne6 Be8 51. a5 Bd7 52. Nd4+ Kxc5
53. e6 Be8 54. Ke1 h5 55. Kf2 h4 56. Kg2 Kxd4 57. a6 Ke3 58. a7 Bc6 59. e7 h3+
60. Kh2 Kxf3 61. a8=Q Bxa8 62. e8=Q Bb7 63. Qb5 1-0

[Event "LUCOPEN 01st Op"]
[Site "Lille"]
[Date "2010.04.05"]
[Round "3.5"]
[White "Doncea, Vladimir"]
[Black "Riff, Vincent"]
[Result "1-0"]
[WhiteElo "2475"]
[BlackElo "2333"]
[PlyCount "127"]
[EventDate "2010.04.??"]
[EventType "swiss"]
[EventRounds "7"]
[EventCountry "FRA"]
[WhiteTeamCountry "FRA"]
[BlackTeamCountry "FRA"]

1. Nf3 Nf6 2. g3 d6 3. d4 Nbd7 4. c4 e5 5. Nc3 Be7 6. Bg2 O-O 7. O-O Re8 8. d5
a5 9. e4 Nc5 10. Ne1 c6 11. Nd3 Nxd3 12. Qxd3 cxd5 13. Nxd5 Nxd5 14. cxd5 b6
15. Qb3 a4 16. Qb4 Ba6 17. Re1 Qd7 18. Be3 Rec8 19. Rec1 Bd8 20. Bf3 Rc5 21.
Bxc5 bxc5 22. Qd2 h6 23. Rc2 Bg5 24. Qd1 a3 25. b4 cxb4 26. Be2 Bxe2 27. Qxe2
Qa7 28. Rb1 Bd8 29. Rxb4 Bb6 30. Qb5 Bc5 31. Rb3 Rf8 32. Rxc5 dxc5 33. Rc3 Rb8
34. Qxc5 Qa6 35. Qc4 Qxc4 36. Rxc4 Rb2 37. d6 Rd2 38. Rc3 Rxd6 39. Rxa3 Rd4 40.
Re3 Rd2 41. a3 Ra2 42. g4 Kh7 43. Kg2 Kg6 44. Kg3 Ra1 45. h3 f6 46. Rb3 h5 47.
gxh5+ Kxh5 48. Kg2 Kg5 49. Rg3+ Kh6 50. Rb3 Kg5 51. Rb7 Kg6 52. Ra7 Re1 53. f3
Re2+ 54. Kg3 Rd2 55. Ra8 Kf7 56. h4 Kg6 57. a4 Rd3 58. a5 Kh7 59. a6 f5 60.
exf5 e4 61. a7 exf3 62. h5 Rd5 63. Kf2 Ra5 64. h6 1-0

[Event "LUCOPEN 01st Op"]
[Site "Lille"]
[Date "2010.04.05"]
[Round "3.6"]
[White "Borsos, Bogdan"]
[Black "Degraeve, Jean Marc"]
[Result "0-1"]
[WhiteElo "2346"]
[BlackElo "2563"]
[PlyCount "32"]
[EventDate "2010.04.??"]
[EventType "swiss"]
[EventRounds "7"]
[EventCountry "FRA"]
[WhiteTeamCountry "FRA"]
[BlackTeamCountry "FRA"]

1. e4 Nf6 2. e5 Nd5 3. d4 d6 4. c4 Nb6 5. exd6 exd6 6. Bd3 Be7 7. Ne2 O-O 8.
O-O Nc6 9. Na3 Bf6 10. Be3 Re8 11. Qd2 Bg4 12. Rfe1 Qd7 13. Rac1 a6 14. f3 d5
15. c5 Nc8 16. Nc2 N8e7 0-1

[Event "LUCOPEN 01st Op"]
[Site "Lille"]
[Date "2010.04.05"]
[Round "3.7"]
[White "Wirig, Anthony"]
[Black "Roger, Mehdi"]
[Result "1/2-1/2"]
[WhiteElo "2504"]
[BlackElo "2185"]
[PlyCount "68"]
[EventDate "2010.04.??"]
[EventType "swiss"]
[EventRounds "7"]
[EventCountry "FRA"]
[WhiteTeamCountry "FRA"]
[BlackTeamCountry "FRA"]

1. c4 Nf6 2. Nc3 g6 3. d4 Bg7 4. e4 d6 5. Bd3 O-O 6. Nge2 c5 7. d5 e6 8. h3
exd5 9. exd5 Ne8 10. O-O Nd7 11. f4 f5 12. Be3 Ndf6 13. Bf2 Nh5 14. Qd2 Nc7 15.
a3 Bd7 16. b4 b6 17. Rab1 Kh8 18. Kh1 Rf7 19. Ng1 Bh6 20. Nce2 g5 21. fxg5 Bxg5
22. Qc3+ Rg7 23. Qc2 f4 24. Bf5 Rf7 25. Bxd7 Qxd7 26. Nf3 Bh6 27. bxc5 bxc5 28.
Rb7 Kg8 29. Bxc5 dxc5 30. Ne5 Qf5 31. Qxf5 Rxf5 32. Ng4 Bg7 33. Rxc7 Re8 34.
Rf2 Rxe2 1/2-1/2

[Event "LUCOPEN 01st Op"]
[Site "Lille"]
[Date "2010.04.05"]
[Round "3.9"]
[White "Cappon, John"]
[Black "Meijers, Viesturs"]
[Result "0-1"]
[WhiteElo "2199"]
[BlackElo "2476"]
[PlyCount "58"]
[EventDate "2010.04.??"]
[EventType "swiss"]
[EventRounds "7"]
[EventCountry "FRA"]
[WhiteTeamCountry "FRA"]
[BlackTeamCountry "FRA"]

1. e4 c5 2. Nf3 e6 3. c3 d5 4. e5 d4 5. Bd3 Nc6 6. Qe2 g5 7. Qe4 h5 8. h4 g4 9.
Ng5 Bg7 10. f4 Nh6 11. Qe2 Nf5 12. Bxf5 exf5 13. Qc4 Qe7 14. b4 f6 15. cxd4
fxg5 16. hxg5 cxd4 17. Ba3 Be6 18. Qd3 Kf7 19. O-O Nxb4 20. Qxd4 Nc2 21. Qb2
Nxa3 22. Nxa3 a6 23. d4 h4 24. Nc2 h3 25. Ne3 hxg2 26. Qxg2 Rh3 27. d5 Rxe3 28.
dxe6+ Kg6 29. Rfd1 Qc5 0-1

[Event "LUCOPEN 01st Op"]
[Site "Lille"]
[Date "2010.04.05"]
[Round "3.10"]
[White "Vernay, Clovis"]
[Black "Faure, Stephane"]
[Result "1-0"]
[WhiteElo "2440"]
[BlackElo "2122"]
[PlyCount "111"]
[EventDate "2010.04.??"]
[EventType "swiss"]
[EventRounds "7"]
[EventCountry "FRA"]
[WhiteTeamCountry "FRA"]
[BlackTeamCountry "FRA"]

1. d4 Nf6 2. c4 c5 3. d5 d6 4. Nc3 g6 5. e4 Bg7 6. f3 O-O 7. Bg5 h6 8. Be3 Nbd7
9. Nh3 b5 10. cxb5 Ne5 11. Nf2 a6 12. Be2 axb5 13. Nxb5 Ba6 14. O-O Ne8 15. a4
Nc7 16. Bd2 Qb8 17. Nxc7 Qxc7 18. Bxa6 Rxa6 19. Qc1 Qa7 20. Bxh6 Rxa4 21. Rxa4
Qxa4 22. Bxg7 Kxg7 23. f4 Nd7 24. Qc3+ Kg8 25. b3 Qb4 26. Qxb4 cxb4 27. Nd3 Nf6
28. Re1 e6 29. dxe6 fxe6 30. e5 dxe5 31. Nxe5 Kg7 32. Nc6 Nd5 33. g3 Kf6 34.
Re4 Rc8 35. Nxb4 Rb8 36. Nxd5+ exd5 37. Rd4 Ke6 38. Rd3 Rb4 39. Kf2 d4 40. Kf3
Kd5 41. h4 Rb6 42. g4 Rc6 43. f5 gxf5 44. g5 Ke5 45. h5 Rc1 46. h6 Rg1 47. h7
Rh1 48. g6 Kf6 49. Rxd4 Kxg6 50. Rd7 Kg5 51. b4 Rh3+ 52. Kg2 Rh4 53. b5 Rg4+
54. Kf3 Rf4+ 55. Ke3 Re4+ 56. Kd3 1-0

[Event "LUCOPEN 01st Op"]
[Site "Lille"]
[Date "2010.04.05"]
[Round "3.11"]
[White "Noordhoek, Henk P"]
[Black "Daels, Marc"]
[Result "0-1"]
[WhiteElo "2108"]
[BlackElo "2228"]
[PlyCount "168"]
[EventDate "2010.04.??"]
[EventType "swiss"]
[EventRounds "7"]
[EventCountry "FRA"]
[WhiteTeamCountry "FRA"]
[BlackTeamCountry "FRA"]

1. Nf3 Nf6 2. g3 b5 3. Bg2 Bb7 4. O-O e6 5. d3 c5 6. b3 Be7 7. c4 bxc4 8. bxc4
O-O 9. Nc3 Nc6 10. Rb1 Rb8 11. Qa4 Qc8 12. Bf4 d6 13. Rb5 Nd7 14. Rfb1 Nb6 15.
Qb3 Ba6 16. a4 Bxb5 17. axb5 Nb4 18. d4 a5 19. dxc5 Qxc5 20. Nd2 d5 21. Bxb8
Rxb8 22. cxd5 exd5 23. e3 Bf6 24. Na2 Nc4 25. Nf3 Nxa2 26. Qxa2 Rxb5 27. Nd4
Rxb1+ 28. Qxb1 Nb6 29. Nb3 Qb4 30. Qd3 a4 31. Nc1 Qb2 32. Qd1 g6 33. Nd3 Qc3
34. Qb1 Qb3 35. Qf1 a3 36. Bf3 a2 37. Nc1 Qa3 38. Nxa2 Qxa2 39. Qb5 Qb2 40. Qc6
Bc3 41. Bxd5 Nxd5 42. Qxd5 Be1 43. Qf3 Kg7 44. h4 f5 45. h5 Qb4 46. hxg6 hxg6
47. Qc6 Bc3 48. Qc7+ Kh6 49. Qd8 Qe4 50. Qf8+ Bg7 51. Qd8 g5 52. Qd7 Kg6 53.
Qc8 Qd5 54. Qa6+ Bf6 55. Qc8 Be7 56. Qe8+ Kf6 57. Qh8+ Kf7 58. Qh5+ Ke6 59. Qe8
Qe4 60. Qc8+ Kd6 61. Qa6+ Kc5 62. Qa3+ Kb5 63. Qb2+ Bb4 64. Qe2+ Kc5 65. Qa6 g4
66. Qc8+ Kb5 67. Qc1 Ka4 68. Qa1+ Kb3 69. Qd1+ Kb2 70. Qe2+ Kc1 71. Qa2 Qd3 72.
Qa1+ Kc2 73. Qa2+ Kc3 74. Qa1+ Kb3 75. Qf6 Bc3 76. Qe6+ Kb2 77. Qf7 Kc1 78. Qa2
Kd1 79. Qa3 Qc2 80. Kf1 Qe2+ 81. Kg1 Qd3 82. Qb3+ Ke1 83. Kh2 Kxf2 84. Qa4 Kxe3
0-1

[Event "LUCOPEN 01st Op"]
[Site "Lille"]
[Date "2010.04.05"]
[Round "3.12"]
[White "Nass, Emile"]
[Black "Briet, Guillaume"]
[Result "1-0"]
[WhiteElo "2221"]
[BlackElo "2081"]
[PlyCount "103"]
[EventDate "2010.04.??"]
[EventType "swiss"]
[EventRounds "7"]
[EventCountry "FRA"]
[WhiteTeamCountry "FRA"]
[BlackTeamCountry "FRA"]

1. d4 Nf6 2. c4 e6 3. Nf3 c5 4. g3 cxd4 5. Nxd4 Nc6 6. Bg2 Bc5 7. Nb3 Bb4+ 8.
Bd2 Be7 9. O-O b6 10. Nd4 Bb7 11. Bf4 a6 12. Nc3 Rc8 13. b3 O-O 14. Nxc6 Bxc6
15. Nd5 Bc5 16. Nxf6+ Qxf6 17. Bd6 Bxg2 18. Kxg2 Rfd8 19. e4 Bd4 20. Be7 Qxe7
21. Qxd4 Qc5 22. Rfd1 d6 23. Rd2 Qxd4 24. Rxd4 Kf8 25. Kf3 Ke7 26. Ke3 b5 27.
cxb5 axb5 28. a4 Rc3+ 29. Rd3 Rxd3+ 30. Kxd3 bxa4 31. bxa4 d5 32. exd5 Rxd5+
33. Kc3 Kd7 34. a5 Kc6 35. a6 Rd8 36. a7 Ra8 37. Kd4 f6 38. f4 Rd8+ 39. Kc4 Kb7
40. a8=Q+ Rxa8 41. Rxa8 Kxa8 42. Kc5 Kb7 43. Kd6 e5 44. fxe5 fxe5 45. Kxe5 Kc7
46. Ke6 Kd8 47. Kf7 g5 48. Kg7 Ke7 49. Kxh7 Kf6 50. Kh6 g4 51. Kh5 Kf5 52. Kh4
1-0

[Event "LUCOPEN 01st Op"]
[Site "Lille"]
[Date "2010.04.05"]
[Round "3.13"]
[White "Weill, Roland"]
[Black "Sanders, Isaac B"]
[Result "1-0"]
[WhiteElo "2213"]
[BlackElo "1935"]
[PlyCount "81"]
[EventDate "2010.04.??"]
[EventType "swiss"]
[EventRounds "7"]
[EventCountry "FRA"]
[WhiteTeamCountry "FRA"]
[BlackTeamCountry "FRA"]

1. e4 c5 2. Nf3 Nc6 3. Bb5 g6 4. O-O Bg7 5. Re1 Nf6 6. e5 Nd5 7. Nc3 Nc7 8.
Bxc6 dxc6 9. Ne4 Ne6 10. d3 O-O 11. Be3 b6 12. Qd2 Re8 13. Bh6 Bh8 14. Neg5 f6
15. Nxe6 Bxe6 16. Re3 Qd7 17. Rae1 Bg7 18. Bxg7 Kxg7 19. Qe2 f5 20. Ng5 f4 21.
Re4 Rf8 22. Qd2 Rf5 23. Nxe6+ Qxe6 24. Rxf4 Raf8 25. Rxf5 Rxf5 26. b3 Kg8 27.
Qe3 Qd5 28. Qe4 Kf7 29. g4 Rf3 30. Kg2 Rf4 31. Qxd5+ cxd5 32. Kg3 g5 33. h4 h5
34. f3 hxg4 35. fxg4 Kg6 36. Re2 e6 37. h5+ Kh6 38. Rf2 Rxf2 39. Kxf2 d4 40.
Ke2 b5 41. b4 1-0

[Event "LUCOPEN 01st Op"]
[Site "Lille"]
[Date "2010.04.05"]
[Round "3.14"]
[White "Stilmant, Thierry"]
[Black "Vandenbussche, Thibaut"]
[Result "1-0"]
[WhiteElo "1992"]
[BlackElo "2293"]
[PlyCount "61"]
[EventDate "2010.04.??"]
[EventType "swiss"]
[EventRounds "7"]
[EventCountry "FRA"]
[WhiteTeamCountry "FRA"]
[BlackTeamCountry "FRA"]

1. d4 g6 2. e4 Bg7 3. Nf3 d6 4. b4 c5 5. bxc5 dxc5 6. c3 cxd4 7. cxd4 Nc6 8.
Be3 Bg4 9. e5 Nxe5 10. Bb5+ Nd7 11. O-O Ngf6 12. h3 Bf5 13. Qa4 O-O 14. Nc3 Rc8
15. Rac1 a6 16. Be2 Ne4 17. Nd5 Rxc1 18. Rxc1 Nb8 19. Nf4 Qd7 20. Qc4 Rc8 21.
Qb3 Rxc1+ 22. Bxc1 Nc6 23. g4 Nxd4 24. Nxd4 Qxd4 25. Be3 Qa1+ 26. Kg2 Bc8 27.
Qb6 Nd6 28. Qd8+ Bf8 29. Nd5 Qg7 30. Nxe7+ Kh8 31. Nxc8 1-0

[Event "LUCOPEN 01st Op"]
[Site "Lille"]
[Date "2010.04.05"]
[Round "3.16"]
[White "Vangeldorp, Marc"]
[Black "Vallet, Marc"]
[Result "0-1"]
[WhiteElo "1973"]
[BlackElo "2209"]
[PlyCount "79"]
[EventDate "2010.04.??"]
[EventType "swiss"]
[EventRounds "7"]
[EventCountry "FRA"]
[WhiteTeamCountry "FRA"]
[BlackTeamCountry "FRA"]

1. e3 d5 2. d4 Nf6 3. Nf3 c5 4. c4 cxd4 5. Nxd4 e5 6. Nc2 a6 7. Nc3 Bf5 8. Nxd5
Nxd5 9. cxd5 Nd7 10. Bd3 e4 11. Be2 Bd6 12. Nd4 Bg6 13. h4 h5 14. Bd2 Ne5 15.
Rc1 Nd3+ 16. Bxd3 exd3 17. Qa4+ Kf8 18. Bb4 Kg8 19. Bxd6 Qxd6 20. Qc4 Kh7 21.
Kd2 Rac8 22. Qb3 Rxc1 23. Rxc1 Qh2 24. Qd1 Qxg2 25. Qf3 Qh2 26. Nf5 Qe5 27. Nd4
Be4 28. Qxf7 Bxd5 29. Qf5+ Qxf5 30. Nxf5 Rf8 31. Nd4 Rxf2+ 32. Kxd3 g6 33. Rc2
Rxc2 34. Nxc2 Kh6 35. e4 Be6 36. a4 g5 37. hxg5+ Kxg5 38. Ne3 h4 39. Nf1 Kf4
40. Kd4 0-1

[Event "LUCOPEN 01st Op"]
[Site "Lille"]
[Date "2010.04.05"]
[Round "3.15"]
[White "Manet, Eric"]
[Black "Platel, Alexandre"]
[Result "0-1"]
[WhiteElo "1983"]
[BlackElo "2216"]
[PlyCount "66"]
[EventDate "2010.04.??"]
[EventType "swiss"]
[EventRounds "7"]
[EventCountry "FRA"]
[WhiteTeamCountry "FRA"]
[BlackTeamCountry "FRA"]

1. e4 c5 2. Nf3 d6 3. d4 cxd4 4. Nxd4 Nf6 5. Nc3 a6 6. Bg5 e6 7. f4 Be7 8. Qf3
Nbd7 9. O-O-O Qc7 10. g4 b5 11. Bxf6 Nxf6 12. g5 Nd7 13. Bd3 Bb7 14. Rhe1 Rc8
15. Kb1 Nc5 16. h4 b4 17. Nce2 d5 18. e5 g6 19. h5 Qb6 20. b3 Kd8 21. Rh1 Kc7
22. Rh2 Kb8 23. Rdh1 Ne4 24. Qg4 Rhf8 25. hxg6 hxg6 26. Qg2 Bc5 27. Nf3 Be3 28.
Bxe4 dxe4 29. Nh4 Qc5 30. c4 bxc3 31. Ka1 c2 32. Kb2 Bd4+ 33. Nxd4 Qxd4+ 0-1

[Event "LUCOPEN 01st Op"]
[Site "Lille"]
[Date "2010.04.05"]
[Round "3.17"]
[White "Defrance, Laurent"]
[Black "Ruch, Bernard"]
[Result "1-0"]
[WhiteElo "2203"]
[BlackElo "2002"]
[PlyCount "79"]
[EventDate "2010.04.??"]
[EventType "swiss"]
[EventRounds "7"]
[EventCountry "FRA"]
[WhiteTeamCountry "FRA"]
[BlackTeamCountry "FRA"]

1. g3 d5 2. Bg2 c6 3. d3 Bg4 4. h3 Bh5 5. Nd2 e6 6. Ngf3 Bc5 7. O-O Nf6 8. a3
Nbd7 9. b4 Bd6 10. c4 O-O 11. Bb2 Rc8 12. Qb3 Qe7 13. e4 Bb8 14. exd5 cxd5 15.
Rfe1 Rfe8 16. Rac1 Qf8 17. Nh4 g5 18. Nhf3 h6 19. Nh2 dxc4 20. dxc4 b6 21. Qc3
Kh7 22. Nhf3 Bg6 23. Rcd1 b5 24. c5 Nd5 25. Qb3 a5 26. Bf1 a4 27. Qa2 Nc7 28.
Nd4 e5 29. Nxb5 Ne6 30. Nc4 Nd4 31. Nxd4 exd4 32. Bxd4 f5 33. Bd3 Nf6 34. Bxf6
Qxf6 35. Qb2 Qd8 36. Rxe8 Qxe8 37. Nd6 Bxd6 38. cxd6 Rd8 39. Qf6 Qd7 40. Re1
1-0

[Event "LUCOPEN 01st Op"]
[Site "Lille"]
[Date "2010.04.05"]
[Round "3.18"]
[White "Waquet, Frederic"]
[Black "Laine, Panu"]
[Result "0-1"]
[WhiteElo "1969"]
[BlackElo "2203"]
[PlyCount "72"]
[EventDate "2010.04.??"]
[EventType "swiss"]
[EventRounds "7"]
[EventCountry "FRA"]
[WhiteTeamCountry "FRA"]
[BlackTeamCountry "FRA"]

1. d4 Nf6 2. Nf3 e6 3. e3 c5 4. Nbd2 b6 5. Bd3 Bb7 6. dxc5 Bxc5 7. e4 Nc6 8.
Qe2 Nb4 9. O-O Nxd3 10. cxd3 O-O 11. e5 Nd5 12. Ne4 Be7 13. Bg5 f6 14. exf6
Nxf6 15. Rac1 Nd5 16. Bxe7 Qxe7 17. Nfg5 Nf4 18. Qg4 Rf5 19. h4 h6 20. Ng3 Rff8
21. N5e4 d5 22. Nc3 Nxd3 23. Rc2 Rac8 24. Qd4 Nf4 25. h5 e5 26. Qd2 Qg5 27. Nb5
d4 28. Nd6 Rxc2 29. Qxc2 Bxg2 30. Re1 d3 31. Qc3 d2 32. Rd1 Bf3 33. Rxd2 Nxh5
34. Qc4+ Kh7 35. Qc2+ Kh8 36. Nde4 Bxe4 0-1

[Event "LUCOPEN 01st Op"]
[Site "Lille"]
[Date "2010.04.05"]
[Round "3.19"]
[White "Levaux, Christian"]
[Black "Real, Thibault"]
[Result "1-0"]
[WhiteElo "2125"]
[BlackElo "1989"]
[PlyCount "83"]
[EventDate "2010.04.??"]
[EventType "swiss"]
[EventRounds "7"]
[EventCountry "FRA"]
[WhiteTeamCountry "FRA"]
[BlackTeamCountry "FRA"]

1. Nf3 c5 2. c4 Nc6 3. Nc3 Nf6 4. g3 g6 5. Bg2 Bg7 6. O-O O-O 7. d4 cxd4 8.
Nxd4 Nxd4 9. Qxd4 d6 10. Qd3 Bf5 11. Qf3 Rb8 12. c5 a6 13. Rd1 Nd7 14. cxd6 Ne5
15. Qd5 Be6 16. dxe7 Qxe7 17. Qd6 Qxd6 18. Rxd6 Nc4 19. Rd3 b5 20. Rb1 Rbc8 21.
Nd5 Rfe8 22. b3 Bxd5 23. Bxd5 Nb6 24. Bf3 Rc2 25. Be3 Nc8 26. a4 Ne7 27. axb5
axb5 28. Rbd1 Nf5 29. Rd8 Kf8 30. Bf4 Rxd8 31. Rxd8+ Ke7 32. Rb8 Nd4 33. Rb7+
Ke8 34. b4 Nxe2+ 35. Bxe2 Rxe2 36. Be3 Rb2 37. Rxb5 Bf6 38. Rb7 Be7 39. b5 f6
40. b6 g5 41. Kg2 Rb4 42. Rxe7+ 1-0

[Event "LUCOPEN 01st Op"]
[Site "Lille"]
[Date "2010.04.05"]
[Round "3.20"]
[White "Feys, Bert"]
[Black "Billon, Olivier"]
[Result "1/2-1/2"]
[WhiteElo "1940"]
[BlackElo "2084"]
[PlyCount "77"]
[EventDate "2010.04.??"]
[EventType "swiss"]
[EventRounds "7"]
[EventCountry "FRA"]
[WhiteTeamCountry "FRA"]
[BlackTeamCountry "FRA"]

1. d4 Nf6 2. Bg5 Ne4 3. Bf4 c5 4. f3 Qa5+ 5. c3 Nf6 6. d5 d6 7. Nd2 g6 8. e4
Nbd7 9. Nc4 Qc7 10. a4 Bg7 11. Qd2 h6 12. Bd3 b6 13. Ne2 a6 14. Ng3 Rb8 15. Na3
Ne5 16. Be2 e6 17. Bxe5 dxe5 18. dxe6 Bxe6 19. Bxa6 O-O 20. O-O Rfd8 21. Qe2
Ra8 22. Bc4 Bxc4 23. Nxc4 h5 24. Qc2 h4 25. Ne2 Bh6 26. Qb3 Rab8 27. Rad1 Rxd1
28. Rxd1 Nh5 29. Rd5 Nf4 30. Nxf4 Bxf4 31. Qd1 Qe7 32. Rd7 Qg5 33. Qd5 Bxh2+
34. Kh1 Rf8 35. Rxf7 Rxf7 36. Nd6 Qc1+ 37. Kxh2 Qf4+ 38. Kg1 Qc1+ 39. Kf2
1/2-1/2

[Event "LUCOPEN 01st Op"]
[Site "Lille"]
[Date "2010.04.05"]
[Round "3.21"]
[White "Lalau, Alexandre"]
[Black "Wlodarczyk, Cyril"]
[Result "1-0"]
[WhiteElo "2083"]
[BlackElo "1979"]
[PlyCount "48"]
[EventDate "2010.04.??"]
[EventType "swiss"]
[EventRounds "7"]
[EventCountry "FRA"]
[WhiteTeamCountry "FRA"]
[BlackTeamCountry "FRA"]

1. e4 c5 2. Nf3 d6 3. d4 cxd4 4. Nxd4 Nf6 5. Nc3 a6 6. Bc4 e6 7. Bb3 Be7 8. Be3
b5 9. Qe2 Qc7 10. f3 Nc6 11. O-O-O Nxd4 12. Bxd4 O-O 13. Kb1 Nd7 14. f4 Nc5 15.
f5 b4 16. Qg4 f6 17. Nd5 exd5 18. Bxd5+ Be6 19. fxe6 Rab8 20. Rhf1 Kh8 21. Rf3
Rfc8 22. Rc1 Na4 23. Rh3 Rg8 24. Qg6 h6 1-0

[Event "LUCOPEN 01st Op"]
[Site "Lille"]
[Date "2010.04.05"]
[Round "3.44"]
[White "Debevere, Francois Xavier"]
[Black "Cirrincione, Giansalvo"]
[Result "1-0"]
[WhiteElo "1729"]
[BlackElo "1943"]
[PlyCount "33"]
[EventDate "2010.04.??"]
[EventType "swiss"]
[EventRounds "7"]
[EventCountry "FRA"]
[WhiteTeamCountry "FRA"]
[BlackTeamCountry "FRA"]

1. e4 c5 2. Nf3 g6 3. d4 cxd4 4. Qxd4 Nf6 5. e5 Nc6 6. Qc4 d5 7. exd6 Qxd6 8.
Nc3 a6 9. Bf4 Qb4 10. Ne5 Qxc4 11. Bxc4 Nxe5 12. Bxe5 Rg8 13. Bxf6 exf6 14. Nd5
Kd8 15. Nxf6 Rg7 16. O-O-O+ Ke7 17. Nd5+ 1-0

[Event "LUCOPEN 01st Op"]
[Site "Lille"]
[Date "2010.04.05"]
[Round "4.4"]
[White "Riff, Jean Noel"]
[Black "Daels, Marc"]
[Result "1-0"]
[WhiteElo "2505"]
[BlackElo "2228"]
[PlyCount "57"]
[EventDate "2010.04.??"]
[EventType "swiss"]
[EventRounds "7"]
[EventCountry "FRA"]
[WhiteTeamCountry "FRA"]
[BlackTeamCountry "FRA"]

1. e4 c5 2. Nf3 Nc6 3. Bb5 Nf6 4. Nc3 g6 5. e5 Ng4 6. Bxc6 dxc6 7. h3 Nh6 8. g4
Bg7 9. d3 O-O 10. Qe2 Qb6 11. b3 f6 12. Bb2 Qc7 13. O-O-O fxe5 14. Ne4 b6 15.
Neg5 a5 16. Nxe5 a4 17. Qe4 axb3 18. axb3 Ra2 19. Rde1 Rxf2 20. Qc4+ e6 21.
Nxe6 Bxe6 22. Qxe6+ Kh8 23. Qe8+ Ng8 24. Rhf1 Rxf1 25. Rxf1 Rxb2 26. Nf7+ Qxf7
27. Rxf7 Ra2 28. Qd7 Nf6 29. Qc8+ 1-0